| 000 | 01174nam a2200325 i 4500 | ||
|---|---|---|---|
| 001 | 16318 | ||
| 003 | ES-MaACL | ||
| 005 | 20250818063034.0 | ||
| 007 | t| | ||
| 008 | 000828s1996 sp ||||1| spa d | ||
| 017 |
_aNA 1967-1996 _bOficina Depósito Legal Navarra |
||
| 020 | _a8487524885 | ||
| 040 | _cES-MaACL | ||
| 080 | _a327.5(569.4) | ||
| 080 | _a316.77(73):32 | ||
| 100 | 1 |
_aMacías, Joseba _975212 _eaut |
|
| 245 | 1 | 0 |
_aPalestina : _bsímbolos, claves y desafíos / _cJoseba Macías. El control del pensamiento en los EEUU : el caso de Oriente Medio / Noam Chomsky. |
| 260 |
_aHondarribia : _bHiru, _c[1996]. |
||
| 300 |
_a85 páginas ; _c15 cm. |
||
| 490 | 1 |
_aSediciones ; _v3 |
|
| 650 | 1 | 4 |
_aConflicto árabe-israelí _911266 |
| 650 | 1 | 4 |
_aMedios de comunicación social- _xAspectos políticos- _zEstados Unidos _914966 |
| 700 | 1 |
_aChomsky, Noam, _d1928- _938607 _eaut |
|
| 740 | 3 | _aEl control del pensamiento en los EEUU. | |
| 852 |
_aES-MaACL _jL-23547 _bR.128764 _916687 _cDEPO2 _xEncuadernación rústica |
||
| 942 |
_cMONOGRAFIA _n0 |
||
| 999 |
_c16318 _d16318 |
||